Medzinárodno-právna ochrana životného prostredia v ozbrojených konfliktoch bakalárska práca

Na minha lista:
Detalhes bibliográficos
Autor principal: Krnčanová, Bianka
Autor Corporativo: Fakulta medzinárodných vzťahov EU. Katedra medzinárodného práva
Outros Autores: Klenka, Michal
Formato: Livro
Idioma:eslovaco
Publicado em: Bratislava 2018
Tags: Adicionar Tag
Sem tags, seja o primeiro a adicionar uma tag!

MARC

LEADER 00000nbm a2200000 4500
001 0244546
005 20190812102721.2
041 0 |a slo 
044 |a SK 
245 1 0 |a Medzinárodno-právna ochrana životného prostredia v ozbrojených konfliktoch  |b bakalárska práca  |c Bianka Krnčanová ; školiteľ: Michal Klenka 
264 1 |a Bratislava  |c 2018 
300 |a 50 s. 
100 1 |a Krnčanová, Bianka 
700 1 |a Klenka, Michal 
710 2 |a Fakulta medzinárodných vzťahov EU. Katedra medzinárodného práva